[Event "SVK GPX U14 Girls"]
[Site "Kremnica"]
[Date "2025.06.21"]
[Round "3"]
[White "Kroslakova, Michaela"]
[Black "Zvalova, Adela"]
[Result "1/2-1/2"]
[WhiteElo "1681"]
[BlackElo "1593"]
[PlyCount "41"]
[EventDate "2025.06.21"]
[EventType "tourn (rapid)"]
[EventRounds "9"]
[EventCountry "SVK"]
[SourceTitle "CB26_2025"]
[SourceDate "2025.06.25"]
[SourceVersion "1"]
[SourceVersionDate "2025.06.25"]
[SourceQuality "1"]

1. d4 d5 2. c4 Nf6 3. cxd5 Qxd5 4. Nc3 Qd8 5. Nf3 e6 6. e4 Nc6 7. Bg5 Be7 8. Be2 h6 9. Bxf6 Bxf6 10. e5 Be7 11. 0-0 0-0 12. d5 exd5 13. Qxd5 Be6 14. Qxd8 Rfxd8 15. Rfd1 Rxd1+ 16. Rxd1 Bb4 17. Nd5 Ba5 18. a3 Kf8 19. b4 Bb6 20. Nxb6 axb6 21. b5 1/2-1/2

[Event "SVK-ch U12 Girls"]
[Site "Tatralandia"]
[Date "2025.05.18"]
[Round "9"]
[White "Pavlikova, Liliana"]
[Black "Kroslakova, Michaela"]
[Result "0-1"]
[WhiteElo "1000"]
[BlackElo "1236"]
[PlyCount "76"]
[EventDate "2025.05.11"]
[EventType "swiss"]
[EventRounds "9"]
[EventCountry "SVK"]
[SourceTitle "CB21_2025"]
[SourceDate "2025.05.21"]
[SourceVersion "1"]
[SourceVersionDate "2025.05.21"]
[SourceQuality "1"]

1. e4 c6 2. Nf3 d5 3. Nc3 dxe4 4. Nxe4 Nf6 5. Nxf6+ exf6 6. Bc4 Bg4 7. h3 Qe7+ 8. Qe2 Bxf3 9. gxf3 Qxe2+ 10. Bxe2 Bd6 11. d3 0-0 12. Be3 f5 13. f4 Re8 14. 0-0-0 Bxf4 15. Bxf4 Rxe2 16. Bxb8 Rxb8 17. Rhf1 Rbe8 18. f4 g6 19. b3 Rh2 20. Rh1 Rg2 21. Rde1 Ree2 22. Rxe2 Rxe2 23. Kd1 Rf2 24. h4 Rxf4 25. Ke2 Rd4 26. Ke3 Rd8 27. Kf4 Re8 28. Kg5 Kg7 29. h5 h6+ 30. Kf4 Re2 31. hxg6 fxg6 32. Rc1 Kf6 33. Kf3 Re8 34. a4 g5 35. Rh1 Kg6 36. c4 f4 37. Kg4 Re3 38. d4 Rg3# 0-1

[Event "SVK-ch U12 Girls"]
[Site "Tatralandia"]
[Date "2025.05.11"]
[Round "1"]
[White "Lukacova, Tereza"]
[Black "Kroslakova, Michaela"]
[Result "0-1"]
[WhiteElo "1563"]
[BlackElo "1236"]
[PlyCount "102"]
[EventDate "2025.05.11"]
[EventType "swiss"]
[EventRounds "9"]
[EventCountry "SVK"]
[SourceTitle "CB21_2025"]
[SourceDate "2025.05.21"]
[SourceVersion "1"]
[SourceVersionDate "2025.05.21"]
[SourceQuality "1"]

1. d4 d5 2. Bf4 Nf6 3. e3 Bf5 4. Bd3 Bxd3 5. Qxd3 c6 6. Nc3 Nbd7 7. Nf3 g6 8. 0-0 Bg7 9. Rfe1 0-0 10. Ne5 Rc8 11. b4 Nh5 12. Nxd7 Qxd7 13. h3 Nxf4 14. exf4 Qd6 15. Rab1 Qxf4 16. Ne2 Qd6 17. c3 Rfe8 18. Qg3 Qxg3 19. Nxg3 e5 20. Rbd1 exd4 21. Rxe8+ Rxe8 22. cxd4 h5 23. h4 Bf6 24. Kf1 Bxh4 25. Rd3 Bxg3 26. Rxg3 Re4 27. Rd3 Kg7 28. f3 Re6 29. Kf2 g5 30. g3 f5 31. a4 g4 32. f4 Re4 33. b5 h4 34. bxc6 bxc6 35. Rc3 Rxd4 36. Rxc6 Rxa4 37. gxh4 Rxf4+ 38. Kg3 Rf3+ 39. Kg2 Rh3 40. Rc7+ Kg6 41. Rxa7 Rxh4 42. Ra6+ Kg5 43. Ra5 Kf4 44. Rxd5 g3 45. Rd3 Rh2+ 46. Kg1 Kg4 47. Rd8 f4 48. Rg8+ Kf3 49. Ra8 Re2 50. Ra3+ Re3 51. Ra2 Re1# 0-1

[Event "SVK-ch U12 Girls rapid"]
[Site "Poprad"]
[Date "2025.05.03"]
[Round "2"]
[White "Kroslakova, Michaela"]
[Black "Palackova, Diana"]
[Result "1-0"]
[WhiteElo "1236"]
[BlackElo "1539"]
[PlyCount "83"]
[EventDate "2025.05.03"]
[EventType "swiss (rapid)"]
[EventRounds "7"]
[EventCountry "SVK"]
[SourceTitle "CB19_2025"]
[SourceDate "2025.05.07"]
[SourceVersion "1"]
[SourceVersionDate "2025.05.07"]
[SourceQuality "1"]

1. e4 c5 2. Nf3 d6 3. Bb5+ Nd7 4. Bxd7+ Bxd7 5. d4 cxd4 6. Nxd4 Nf6 7. Nc3 e5 8. Nf3 Be7 9. 0-0 0-0 10. Bg5 h6 11. Bxf6 Bxf6 12. Qxd6 Re8 13. Rfd1 Bc6 14. h3 Re6 15. Qxd8+ Rxd8 16. Rxd8+ Bxd8 17. Rd1 Bc7 18. Nd5 Ba5 19. b4 Bd8 20. c4 Ba4 21. Rd2 a5 22. Nc3 Be7 23. Nxa4 axb4 24. c5 Rc6 25. Rb2 b5 26. cxb6 Rc1+ 27. Kh2 Bd6 28. b7 Rc4 29. Nd2 Rc1 30. Rxb4 f5 31. b8Q+ Bxb8 32. Rxb8+ Kh7 33. Rb5 fxe4 34. Nxe4 Rc2 35. Nac3 Kg6 36. Rxe5 Kf7 37. a4 Rc1 38. Nd5 Ra1 39. Nd6+ Kg6 40. Nb6 Kf6 41. Re3 g5 42. Ndc4 1-0